000 00859nam a2200253 i 4500
001 104455
003 ES-MaACL
005 20230906183616.0
007 t|
008 051130s1972 sp ||||1| spa d
100 1 _aMillet, Louis.
_981245
245 1 3 _aEl estructuralismo como método /
_cLouis Millet, Madeleine Varin d'Ainvelle ; [traducción de Pere Vilanova].
250 _a1ª ed.
260 _aMadrid :
_bCuadernos para el Diálogo,
_c1972.
300 _a100 p. ;
_c19 cm.
490 1 _aEdiciones de bolsillo. Ciencias humanas ;
_v131
650 0 4 _aEstructuralismo.
_912567
700 1 _aVilanova, Pere.
_9114778
700 1 _aVarin d'Ainvelle, Madeleine.
_9113229
710 2 _aCuadernos para el Diálogo.
_93333
830 1 _aEdiciones de bolsillo. Ciencias humanas ;
_v131
_9182956
852 _aES-MaACL
_jC-42481
999 _c104455
_d104455